| 000 | 01203cab a2200349 4500 | ||
|---|---|---|---|
| 001 | ABS46102 | ||
| 008 | 090401t1992 xxu||||| |||| 00| 0 eng d | ||
| 035 | _a(Sirsi) u56834 | ||
| 041 | _aeng | ||
| 100 | _aWilliams, D. | ||
| 245 | _aBusiness tenancies - 1954 Act update | ||
| 260 | _c1992 | ||
| 350 | _a0 | ||
| 490 |
_aEstates Gazette _v(9210) 14 March 1992, 82-95(4) |
||
| 520 | _aSummary of recent case law under Landlord and Tenant Act 1954 Part II. | ||
| 650 | _aBAGLARBASI AND ANOTHER V DEEDMETHOD LTD | ||
| 650 | _aBRIDGERS V STANFORD | ||
| 650 | _aCITY OF LONDON CORPORATION V FELL | ||
| 650 | _aCOATES BROTHERS PLC V GENERAL ACCIDENT LIFE ASSURANCE LTD | ||
| 650 | _aDEMETRIOU V POOLACTION LTD | ||
| 650 | _aGURTON V PARROTT | ||
| 650 | _aJT DEVELOPMENT LTD V QUINN | ||
| 650 | _aMIAH V BROMLEY PARK GARDENS ESTATES LTD | ||
| 650 | _aROBINS V MEADOW & MORAN | ||
| 650 | _aROMULUS TRADING CO LTD V HENRY SMITH CHARITY TRUSTEES (NO2) | ||
| 650 | _aROMULUS TRADING CO LTD V HENRY SMITH CHARITY TRUSTEES | ||
| 650 | _aSECTION 25 NOTICES | ||
| 650 | _aWANDSWORTH LBC V SINGH | ||
| 690 | _aLANDLORD AND TENANT-BUSINESS TENANCIES | ||
| 942 | _n0 | ||
| 948 | _c04/03/1997 | ||
| 999 |
_c34694 _d34694 |
||